000 01173cam a2200313 a 4500
001 522
005 20231211142818.0
020 _a9780316079167
040 _aDLC
_cDLC
_dDLC
_dFISKH
_beng
050 0 0 _aPZ7.C83535
_bHmr 2010
082 0 0 _a823.92
_222
100 1 _aCowell, Cressida.
245 1 0 _aHow to ride a dragon's storm :
_bthe heroic misadventures of Hiccup the Viking /
_cas told to Cressida Cowell.
246 3 0 _aHeroic misadventures of Hiccup the Viking
250 _a1st U.S. ed.
260 _aNew York :
_bLittle, Brown,
_c2010.
300 _a254 pages :
_billustrations, maps ;
_c20 cm.
490 0 _aHow to train your dragon ;
_vbk. 7
505 _aX
520 _aHiccup, the reluctant Viking hero, has three months, five days, and six hours to discover America, return to Berk, save his father, battle Polarserpents, and win the annual Inter-Tribal Friendly Swimming Race.
521 _a1040
_bLexile
521 _aX
_bRaz-Plus
650 0 _aVikings
_vJuvenile fiction.
650 1 _aVikings
_vFiction.
650 1 _aDragons
_vFiction.
650 1 _aHumorous stories.
906 _a7
_bcbc
_corignew
_d1
_eecip
_f20
_gy-gencatlg
942 _2ddc
_cBK
_n0
999 _c522
_d522